Apró hirdetések
Prehľad jednotlivých obchodníkov a remeselníkov pôsobiacich v Humennom v r.1902. David Klein - železo, korenie, čaj, cukor, zákusky vo veľkom, predaj vo vlastnom dome. Július (Gyula) Hosza - tabak, cukor, káva, čaj, predaj známok a burza, sídlo mal na Hlavnej ulici. Izidor (Isidor) Friedmann - metro...
| Médium: | Článok |
|---|---|
| Jazyk: | Hungarian |
| Témy: | |
| Zdroj: |
1. Homonna és Vidéke : Vegyes tartalmu közmüvelődési, szépirodalmi és közgazdasági hetilap 1. Roč. 2, č. 46 (15.11.1902) s. 4 |
| LEADER | 01674nab#a2200301#ar4500 | ||
|---|---|---|---|
| 001 | 000064913 | ||
| 003 | SVKKK | ||
| 005 | 19970908xxxxxxx. | ||
| 008 | 06 c xo huno | ||
| FMT | |||
| 038 | |a SVKKK | ||
| 040 | |a SVKKK |b slo |e AACR2 | ||
| 041 | 0 | |a hun | |
| 044 | |a xo |c SK | ||
| 080 | |a 339.37:67/68 | ||
| 242 | 1 | 0 | |a Drobné oznamy |
| 245 | 0 | 0 | |a Apró hirdetések |
| 500 | |a mikrofilm | ||
| 520 | 2 | |a Prehľad jednotlivých obchodníkov a remeselníkov pôsobiacich v Humennom v r.1902. David Klein - železo, korenie, čaj, cukor, zákusky vo veľkom, predaj vo vlastnom dome. Július (Gyula) Hosza - tabak, cukor, káva, čaj, predaj známok a burza, sídlo mal na Hlavnej ulici. Izidor (Isidor) Friedmann - metrový textil-sklad, módny tovar , Hlavná ulica - vlastný dom. Dezider (Dezső) Polányi lekárnik, patrila mu lekáreň "Szent Anna". Samuel (Samu) Speiser - veľko a malo predaj a nákup, pôsobil v dome Kranzthor. Salamon Sattler - obchodník s topánkami. Markusz Speiser - obchodník s múkou. Samuel (Samu) Engel - mäsiar, Ignác Zeller - klampiar. Pavol Melovits - obuvník, býva v dome hostinca Sperling. Štefan (István) Grosszer - panský krajčír, pôsobenie v blízkosti radnice. Abraham Horovitz - stolár, pôsobil v dome redakcie týždenníka Homonna és Vidéke. | |
| 650 | 0 | 4 | |a obchodníci - remeselníci - prehľady - november 1902 - oznamy |
| 773 | 0 | |t Homonna és Vidéke : Vegyes tartalmu közmüvelődési, szépirodalmi és közgazdasági hetilap |g Roč. 2, č. 46 (15.11.1902) s. 4 | |
| 957 | |a Humenné | ||
| 958 | |a DG | ||
| 958 | |a SK | ||
| 974 | |a Ba |d 19970908 | ||
| 992 | |a RBX | ||
| BAS | |||
| 998 | |a RETRO | ||